Most Densely Populated Countries - Statistics

General Stats
  • This quiz has been taken 26 times
  • The average score is 19 of 30
Answer Stats
Hint Answer % Correct
333 pop./km2 Japan
96%
420 pop./km2 Netherlands
96%
517 pop./km2 South Korea
92%
1168 pop./km2 Bangladesh
88%
414 pop./km2 India
88%
376 pop./km2 Belgium
83%
415 pop./km2 Israel
83%
332 pop./km2 Sri Lanka
79%
416 pop./km2 Haiti
75%
218 pop./km2 Nigeria
75%
272 pop./km2 Pakistan
75%
361 pop./km2 Philippines
75%
652 pop./km2 Taiwan
71%
672 pop./km2 Lebanon
67%
216 pop./km2 Dominican Republic
63%
233 pop./km2 Germany
63%
200 pop./km2 Italy
63%
201 pop./km2 Nepal
63%
211 pop./km2 North Korea
63%
237 pop./km2 Qatar
63%
248 pop./km2 Kuwait
58%
290 pop./km2 Vietnam
58%
248 pop./km2 Jamaica
54%
403 pop./km2 Burundi
50%
470 pop./km2 Rwanda
50%
208 pop./km2 Switzerland
46%
166 pop./km2 Uganda
42%
208 pop./km2 Gambia
33%
319 pop./km2 El Salvador
29%
827 pop./km2 Palestine
8%
No matching quizzes found
Score Distribution
Percent of People with Each Score
Percentile by Number Answered
Your Score History
You have not taken this quiz